000
00257nam a2200097Ia 4500
005
20251222175817.0
008
251222s9999||||xx |||||||||||||| ||spa||
082
_a
DVD0121/C72/2002
245
0
_a
Concierto Andino (Orquesta sinfónica andina TDV):
942
_c
DVD
999
_c
40359
_d
40359